The laws of government The legal foundations of Canadian democracy /

Detalles Bibliográficos
Autor principal: Forcese, Craig
Otros Autores: Freeman, Aaron
Formato: eBook
Lenguaje:inglés
Publicado: Toronto: Irwin Law Inc., 2005
Materias:
Acceso en línea:Acceso restringido

MARC

LEADER 00000nam a22000007a 4500
005 20210831225642.0
007 cr|||| ||||
008 210831s2005 ca |||||s|||| 00||0 eng d
020 |a 9781459313774 
035 |a 35325 
040 |a vLex 
090 |c 12187  |d 12187 
100 1 |a Forcese, Craig 
245 1 3 |a The laws of government  |h [Recurso electrn̤ico] :  |b The legal foundations of Canadian democracy /  |c Craig Forcese, Aaron Freeman 
256 |a Servicio en ln̕ea 
260 |a Toronto:  |b Irwin Law Inc.,  |c 2005 
300 |a 1 recurso electrn̤ico 
506 1 |a Disponible solo en los productos indicados  |d vLex Global  |d vLex Global (Academic Edition, excluding Law Schools)  |d vLex Global (U.S. Academic Edition, Law Schools)  |d vLex Global (U.S. Academic Edition, excluding Law Schools)  |d vLex Global (Academic Edition, Law Schools) 
650 0 4 |a Derecho Pb︢lico y Administrativo  |z Canad̀ 
700 1 |a Freeman, Aaron 
740 0 |a vLex Libros (Servicio en ln̕ea) 
856 4 0 |u https://app.vlex.com/#/sources/35325  |z Acceso restringido 
942 |c BOOK 
999 0 |a Public and Administrative Law